00510nam a2200169Ia 450000500170000000800410001702000060005808200130006410000170007724500320009426000380012630000130016450000430017794200060022095200990022699900150032520250320021729.0240331s9999 xx 000 0 und d a  bMAUa894 aMaunaguru, S 0aKalai illakkiya kadduraikal aChennaibKumaran Publishersc1997 a127 p ., aA Book of essays on art & Literature cL 001040708LaWERCLbWERCLcSSCd2024-03-31l0o 894.811 MAUp2489r2024-03-31w2024-03-31yL c4050d4050